|
|
|
|
| LEADER |
00000nab a2200000 a 4500 |
| 001 |
vtls009148381 |
| 003 |
SK-MaSNL |
| 005 |
20260304154652.0 |
| 008 |
250507c2007 xo qr|p|||||||000 b|slo |
| 015 |
|
|
|a SNBRB2007/10
|2 snkbucl
|
| 035 |
|
|
|a (uuid)f7d77c28-087f-4cc1-9a1f-8dc6c78fefa5
|
| 035 |
|
|
|a urn:nbn:sk:snk-abdr89
|
| 035 |
|
|
|a (urnnbn)urn:nbn:sk:snk:ar-00196m
|
| 038 |
|
|
|a SNKBUCL
|
| 040 |
|
|
|a SNKBUCL
|b slo
|c SNKBUCL
|e AACR2
|
| 041 |
0 |
|
|a slo
|
| 044 |
|
|
|a xo
|c SK
|
| 080 |
|
|
|a 792.079:06.063
|x (437.6)
|2 2001
|
| 080 |
|
|
|a 792.077-053.2
|x (437.6)
|2 2001
|
| 100 |
1 |
|
|a Horváth, Karol D.,
|d 1961-
|4 aut
|9 105062
|
| 245 |
1 |
0 |
|a Dobrá cesta detskej dramatickej tvorivosti
|c Karol Horváth
|
| 611 |
2 |
7 |
|a Zlatá priadka
|n (36. :
|d 2007 :
|c Šaľa, Slovensko)
|2 snkbucl
|9 1479587
|
| 650 |
0 |
7 |
|a detské divadlo
|2 snkbucl
|9 68487
|
| 650 |
0 |
7 |
|a detská dramatická tvorivosť
|2 snkbucl
|9 1038392
|
| 651 |
|
7 |
|a Šaľa (Slovensko)
|2 snkbucl
|9 27574
|
| 773 |
0 |
|
|t Javisko
|g Roč. 39, č. 3 (2007), s. 13-14
|x 0323-2883
|
| 850 |
|
|
|a Slovenská národná knižnica
|
| 852 |
|
|
|a Slovenská národná knižnica
|
| 954 |
|
|
|a odborná, vedecká literatúra pôvodná (slovenská)
|2 lita
|
| 958 |
|
|
|a article19
|
| 958 |
|
|
|a OND
|
| 958 |
|
|
|a SK
|
| 958 |
|
|
|a EUIPO
|
| 999 |
|
|
|c 2958713
|d 2960643
|